General sociology (Record no. 1738)
[ view plain ]
| 000 -LEADER | |
|---|---|
| fixed length control field | 00635nam a22001937a 4500 |
| 003 - CONTROL NUMBER IDENTIFIER | |
| control field | URS |
| 005 - DATE AND TIME OF LATEST TRANSACTION | |
| control field | 20220114141838.0 |
| 008 - FIXED-LENGTH DATA ELEMENTS--GENERAL INFORMATION | |
| fixed length control field | 190501s2003 ph a|||| |||| 00| 0 eng d |
| 020 ## - INTERNATIONAL STANDARD BOOK NUMBER | |
| International Standard Book Number | 9714204062 |
| 040 ## - CATALOGING SOURCE | |
| Transcribing agency | URS |
| Language of cataloging | eng |
| Modifying agency | rda |
| 050 14 - LIBRARY OF CONGRESS CALL NUMBER | |
| Classification number | HM 51 |
| Item number | .G3263 2003 |
| 100 ## - MAIN ENTRY--PERSONAL NAME | |
| Personal name | Omas-As, Roberta L. |
| 245 60 - TITLE STATEMENT | |
| Title | General sociology |
| Statement of responsibility, etc. | Roberta L. Omas-As, Ricardo B. Capule, Josephine A. Guimpatan, Rebecca L. Simbajon, Jocelyn C. Morales, Digna Fernandez |
| 264 ## - PRODUCTION, PUBLICATION, DISTRIBUTION, MANUFACTURE, AND COPYRIGHT NOTICE | |
| Place of production, publication, distribution, manufacture | Bulacan: |
| Name of producer, publisher, distributor, manufacturer | Trinitas Publishing,; |
| Date of production, publication, distribution, manufacture, or copyright notice | [2003.] |
| 300 ## - PHYSICAL DESCRIPTION | |
| Extent | 291 pages |
| Other physical details | with illustrations |
| Dimensions | 26 cm. |
| 504 ## - BIBLIOGRAPHY, ETC. NOTE | |
| Bibliography, etc. note | Bibliography ; page 285 |
| 650 ## - SUBJECT ADDED ENTRY--TOPICAL TERM | |
| Topical term or geographic name entry element | Sociology |
| 942 ## - ADDED ENTRY ELEMENTS (KOHA) | |
| Koha item type | Filipiniana |
| Source of classification or shelving scheme | Library of Congress Classification |
| Withdrawn status | Source of classification or shelving scheme | Damaged status | Not for loan | Collection code | Home library | Current library | Date acquired | Total Checkouts | Full call number | Barcode | Date last seen | Price effective from | Koha item type |
|---|---|---|---|---|---|---|---|---|---|---|---|---|---|
| Library of Congress Classification | Non-fiction | Cainta College Library | Cainta College Library | 04/20/2017 | HM 51.G3263 2003 | URSCAI-2391 | 04/20/2017 | 04/20/2017 | Filipiniana | ||||
| Library of Congress Classification | Cainta College Library | Cainta College Library | 06/04/2018 | HM51.G3263 2003 | URSCAI-4224 | 06/04/2018 | 06/04/2018 | Filipiniana |